|
|
|
|
| LEADER |
00000cam a2200000 7i4500 |
| 001 |
0000002376 |
| 005 |
20030601.0 |
| 020 |
0 |
0 |
|a 983540349X
|
| 090 |
0 |
0 |
|a 158.4
|b MAD 2002
|
| 245 |
0 |
0 |
|a MADAH perdana
|c penyunting Amidah Hamim
|
| 260 |
0 |
0 |
|a Kuala Lumpur :
|b Jabatan Penerangan Malaysia ,
|c 2002
|
| 300 |
|
|
|a 112 p. ;
|c 23 cm.
|
| 440 |
0 |
0 |
|a Siri pengetahuan am
|
| 600 |
0 |
0 |
|a Mahathir bin Mohamad
|f Dato' Seri ,
|c 1925-
|x Quotations, maxims, etc.
|
| 650 |
0 |
0 |
|a Leadership
|x Quotations, maxims, etc.
|
| 700 |
0 |
1 |
|a Amidah Hamim
|
| 998 |
|
|
|a JPSM
|
| 999 |
|
|
|a 0000004299
|b Monograph
|c Open Shelf
|e Default branch
|